| 000 | 00694cam a2200253u 4500 | ||
|---|---|---|---|
| 001 | 24822 | ||
| 003 | BD-RjUL | ||
| 005 | 20211209001113.0 | ||
| 008 | 140315s1953 enka 001 0 eng d | ||
| 035 | _a(BD-RjUL)24891 | ||
| 040 |
_aDLC _cCarP _dDLC _dBD-RjUL _beng |
||
| 041 | _aeng | ||
| 082 | 0 | 0 |
_a945 _bMOL 1953 |
| 100 | 1 |
_aMore, Jasper, _d1907- [from old catalog] _976418 |
|
| 245 | 0 | 4 |
_aThe land of Italy / _c Jasper More, |
| 250 | _a3d ed. | ||
| 260 |
_aLondon : _bBatsford, _c1953. |
||
| 300 |
_a264 p. : _billus. ; _c22 cm. |
||
| 504 | _aIncludes Index | ||
| 651 | 0 |
_aItaly _xDescription and travel. _976421 |
|
| 942 |
_2ddc _cBK |
||
| 999 |
_c24822 _d24822 |
||